Philippine tilapia economics / (Record no. 15521)

000 -LEADER
fixed length control field 00940cam a2200229 a 4500
020 ## - INTERNATIONAL STANDARD BOOK NUMBER
ISBN 9711022184 (pbk.)
040 ## - CATALOGING SOURCE
Transcribing agency DLC
082 00 - DEWEY DECIMAL CLASSIFICATION NUMBER
Classification number 639 PHI 1985 A091 Or.
245 10 - TITLE STATEMENT
Title Philippine tilapia economics /
260 ## - PUBLICATION, DISTRIBUTION, ETC. (IMPRINT)
Place of publication Los Baños, Laguna, Philippines :
Name of publisher Philippine Council for Agriculture and Resources Research and Development ;
Place of publication Makati Metro Manila, Philippines :
Name of publisher International Center for Living Aquatic Resources Management,
Year of publication 1985.
300 ## - PHYSICAL DESCRIPTION
Number of Pages v, 261 p. :
Other physical details ill. ;
Dimensions 6 cm.
490 1# - SERIES STATEMENT
Series statement ICLARM conference proceedings,
500 ## - GENERAL NOTE
General note "Proceedings of a PCARRD-ICLARM workshop, Los Baños, Laguna, Philippines, 10-13 August 1983"--T.p. verso.
650 #0 - SUBJECT ADDED ENTRY--TOPICAL TERM
Topical Term Tilapia
650 #0 - SUBJECT ADDED ENTRY--TOPICAL TERM
Topical Term Fish culture
700 1# - ADDED ENTRY--PERSONAL NAME
Personal name Smith, Ian R.
700 1# - ADDED ENTRY--PERSONAL NAME
Personal name Torres, Enriqueta B.
700 1# - ADDED ENTRY--PERSONAL NAME
Personal name Tan, Elvira O.
710 2# - ADDED ENTRY--CORPORATE NAME
Corporate name or jurisdiction name as entry element PCARRD (Organization : Philippines)
710 2# - ADDED ENTRY--CORPORATE NAME
Corporate name or jurisdiction name as entry element International Center for Living Aquatic Resources Management.
942 ## - ADDED ENTRY ELEMENTS (KOHA)
Koha item type សៀវភៅភាសាអង់គ្លេស
952 ## - LOCATION AND ITEM INFORMATION (KOHA)
Withdrawn status [LOCAL, KOHA] 0
Holdings
Permanent Location Date acquired Koha item type Lost status Shelving location Barcode Current Location Full call number
Library Block A2017-11-28សៀវភៅភាសាអង់គ្លេស A091A06756Library Block A639 PHI 1985 A091 Or.
មជ្ឈមណ្ឌលឯការនៃសាកលវិទ្យាល័យភូមិន្ទកសិកម្មចំការដូង

Powered by Koha